000 00575nam a2200217Ia 4500
005 20260429111927.0
008 260429s9999||||xx |||||||||||||| ||und||
020 _a9781032599281
041 _aEnglish
082 _a629.133
_bAL
100 _aAl-Turjman, Fadi
245 0 _aDrones in IoT-enabled spaces /
_cFadi Al-Turjman
250 _a1st ed.
260 _aBoca Raton :
_bCRC PRESS,
_c2023.
300 _axiii, 212 p.; hb
650 _a Internet of things
650 _a Smart systems
650 _a Unmanned aerial vehicles
650 _aDrones
942 _cTB
999 _c51467
_d51467